The enchanted (Record no. 31335)
[ view plain ]
| 000 -LEADER | |
|---|---|
| fixed length control field | 01201nam a2200229 a 4500 |
| 008 - FIXED-LENGTH DATA ELEMENTS--GENERAL INFORMATION | |
| fixed length control field | 160923s2014 ||||||||||||||||| || u |
| 010 ## - LIBRARY OF CONGRESS CONTROL NUMBER | |
| LC control number | 2014415634 |
| 020 ## - INTERNATIONAL STANDARD BOOK NUMBER | |
| International Standard Book Number | 9780297870494 |
| 020 ## - INTERNATIONAL STANDARD BOOK NUMBER | |
| International Standard Book Number | 0062285505 (hbk.) |
| 050 ## - LIBRARY OF CONGRESS CALL NUMBER | |
| Classification number | PS 3604.E54E53 |
| 100 ## - MAIN ENTRY--PERSONAL NAME | |
| Personal name | Denfeld, Rene |
| 245 14 - TITLE STATEMENT | |
| Title | The enchanted |
| Statement of responsibility, etc. | Rene Denfeld |
| 250 ## - EDITION STATEMENT | |
| Edition statement | First edition |
| 260 ## - PUBLICATION, DISTRIBUTION, ETC. | |
| Place of publication, distribution, etc. | London |
| Name of publisher, distributor, etc. | Weidenfeld & Nicolson |
| Date of publication, distribution, etc. | 2014 |
| 260 ## - PUBLICATION, DISTRIBUTION, ETC. | |
| Place of publication, distribution, etc. | London |
| Name of publisher, distributor, etc. | Weidenfield & Nicolson |
| Date of publication, distribution, etc. | 2014 |
| 300 ## - PHYSICAL DESCRIPTION | |
| Extent | 238 pages |
| 350 ## - | |
| -- | 14.82 |
| 520 ## - | |
| -- | The enchanted place is an ancient stone prison, viewed through the eyes of a death row inmate who finds escape in his books and in re-imagining life around him. A female investigator searches for buried information from prisoners' pasts that can save those soon-to-be-executed. Digging into the background of a killer named York, she uncovers wrenching truths that challenge familiar notions of victim and criminal, innocence and guilt, and reveals shocking secrets of her own. |
| 650 ## - SUBJECT ADDED ENTRY--TOPICAL TERM | |
| Topical term or geographic name entry element | ENGLISH LANGUAGE |
| 995 ## - | |
| -- | FICTION Collection |
| -- | 746791 |
| -- | CBU-SCHOOL OF MEDICINE LIBRARY (Ndola) |
| -- | 14.82 |
| -- | PS 3604.E54 E53 |
| -- | 1 |
| -- | AVAILABLE |
| -- | Sep 23, 2016 |
| -- | 746791 |
| -- | Fiction Collection |
| 999 ## - | |
| -- | 31335 |
| -- | 31335 |
| Withdrawn status | Lost status | Source of classification or shelving scheme | Damaged status | Not for loan | Permanent Location | Current Location | Shelving location | Date acquired | Total Checkouts | Full call number | Barcode | Date last seen | Price effective from | Koha item type |
|---|---|---|---|---|---|---|---|---|---|---|---|---|---|---|
| CBU-SCHOOL OF MEDICINE LIBRARY, NDOLA. | CBU-SCHOOL OF MEDICINE LIBRARY, NDOLA. | 11/30/2022 | PS 3604.E54E53 | 746791 | 11/30/2022 | 11/30/2022 | MONOGRAPH |